000 01819nam a2200469 i 4500
001 100147
003 FlNmELB
005 20241217173027.0
006 m o d |
007 cr cnu||||||||
008 170927s2016 sp ob 001 0 spa d
020 _a9788490126417 (e-book)
035 _a(MiAaPQ)EBC4908955
035 _a(Au-PeEL)EBL4908955
035 _a(CaPaEBR)ebr11410486
035 _a(OCoLC)1105448827
040 _aFINmELB
_bspa
_erda
_cFINmELB
050 4 _aLB3605
_bR696 2016
080 _a378
082 0 _a378.198
_223
100 1 _aRodríguez Portuguez, Gabriel.
245 1 0 _aFunciones ejecutivas, rasgos de personalidad y rendimiento académico en estudiantes universitarios de ciencias de la salud /
_cGabriel Rodríguez Portuguez.
264 1 _aSalamanca :
_bEdiciones Universidad de Salamanca,
_c[2016]
300 _a1 recurso en línea (149 páginas)
336 _atexto
_btxt
_2rdacontent/spa
337 _acomputadora
_bc
_2rdamedia/spa
338 _arecurso en línea
_bcr
_2rdacarrier/spa
490 1 _aColección Vítor ;
_v398
500 _aContiene índice.
504 _aContiene referencias bibliográficas.
588 _aDescripción basada en recurso en línea; Título de la página del título en PDF (e-libro, visto September 27, 2017).
590 _aRecurso electrónico. Santa Fe, Arg. : e-libro, 2017. Disponible vía World Wide Web. El acceso puede ser limitado para las bibliotecas afiliadas a e-Libro.
650 0 _aCollege students.
650 4 _aEstudiantes universitarios.
650 0 _aMedicine.
650 4 _aCiencias de la salud.
650 4 _aMedicina.
655 4 _aLibros electrónicos.
797 2 _ae-libro, Corp.
830 0 _aColección Vítor ;
_v398.
856 4 0 _uhttps://elibro.net/ereader/politecnicointernacional/55858
999 _c100147
_d100147